[Event "Titled Tue 1st Jul Early"]
[Site "chess.com INT"]
[Date "2025.07.01"]
[Round "11"]
[White "Jinan, Jomon"]
[Black "Nurgaliyev, Sauat"]
[Result "1/2-1/2"]
[WhiteTitle "FM"]
[BlackTitle "IM"]
[WhiteElo "2309"]
[BlackElo "2404"]
[WhiteFideId "35002511"]
[BlackFideId "13726285"]
[EventDate "2025.07.01"]

1. e4 c5 2. Nf3 d6 3. d4 cxd4 4. Nxd4 Nf6 5. Nc3 a6 6. Nb3 e6 7. Be2 Be7 8. Be3
Nc6 9. f4 b5 10. a3 Bb7 11. O-O O-O 12. Qe1 Rc8 13. Rd1 b4 14. Na4 bxa3 15. Nb6
Rb8 16. e5 Nd5 17. Nxd5 exd5 18. bxa3 dxe5 19. fxe5 Nxe5 20. Nd4 Bg5 21. Qg3
Bxe3+ 22. Qxe3 Re8 23. Qg3 Ng6 24. Bd3 Qb6 25. Kh1 Rbd8 26. Nf5 d4 27. Rde1 Rxe1
28. Rxe1 Qf6 29. Qc7 Bxg2+ 30. Kxg2 Rf8 31. Qg3 h5 32. h4 Rc8 33. Qg5 Qc6+ 34.
Be4 Qc3 35. Re2 Qc7 36. Rf2 Qe5 37. Bd3 Rc5 38. Ng3 Qxg5 39. hxg5 Rxg5 40. Bxg6
fxg6 41. Kh3 Rc5 42. Rd2 Rc4 43. Ne4 Kh7 44. Ng5+ Kh6 45. Nf7+ Kh7 46. Ng5+ Kh6
47. Nf7+ Kh7 48. Ne5 Rc3+ 49. Kg2 Rxa3 50. Rxd4 Re3 51. Nf3 Re2+ 52. Kg3 Rxc2
53. Ng5+ Kh6 54. Nf7+ Kh7 55. Ng5+ Kh6 56. Nf7+ Kh7 57. Ng5+ 1/2-1/2

[Event "Titled Tue 1st Jul Early"]
[Site "chess.com INT"]
[Date "2025.07.01"]
[Round "11"]
[White "Zhigalko, Sergei"]
[Black "Tekeyev, Zaur"]
[Result "1/2-1/2"]
[WhiteTitle "GM"]
[BlackTitle "IM"]
[WhiteElo "2572"]
[BlackElo "2407"]
[WhiteFideId "13502956"]
[BlackFideId "4199731"]
[EventDate "2025.07.01"]

1. e4 c5 2. Nf3 Nc6 3. c3 Nf6 4. e5 Nd5 5. Bc4 Nb6 6. Bb3 d5 7. exd6 c4 8. Bc2
Qxd6 9. O-O g6 10. b3 Bg7 11. Na3 Be6 12. Ng5 Bd5 13. Qe2 cxb3 14. axb3 O-O 15.
Nc4 Qc7 16. Ne3 h6 17. Nxd5 Nxd5 18. Nf3 Rad8 19. Ba3 Rd7 20. g3 Rfd8 21. Rfe1
e5 22. h4 Nf6 23. Rad1 Re8 24. Qc4 b5 25. Qxb5 e4 26. Nh2 Nd4 27. cxd4 Qxc2 28.
Ng4 Red8 29. Ne3 Qd3 30. Qxd3 exd3 31. Bc5 Ne4 32. Kg2 Bxd4 33. Bxd4 Rxd4 34.
Nc4 Nc5 35. Ne5 R8d6 36. Rb1 Rb4 37. Rbc1 Rd5 38. Nc6 Rb7 39. Ne7+ Rxe7 40. Rxe7
Nxb3 41. Rcc7 Rf5 42. Rxa7 Nxd2 43. Rad7 Nf3 44. Rxd3 Kf8 45. Ree3 Ne5 46. Rd8+
Kg7 47. Rd2 Nc4 48. Ree2 Nxd2 49. Rxd2 h5 50. Rd3 Rf6 51. Rc3 Re6 52. Rf3 Rd6
53. Rb3 Re6 54. f3 Rd6 55. g4 hxg4 56. fxg4 Rd4 57. Kg3 Rd1 58. Rf3 Rg1+ 59. Kh3
Ra1 60. Kg2 Ra2+ 61. Kg3 Ra1 62. Rf2 Ra3+ 63. Kg2 Ra4 64. Kg3 Ra3+ 65. Rf3 Ra1
66. Rd3 Ra2 67. Rc3 Ra1 68. Rc2 Rg1+ 69. Rg2 Ra1 70. Rf2 Ra3+ 1/2-1/2

[Event "Titled Tue 1st Jul Early"]
[Site "chess.com INT"]
[Date "2025.07.01"]
[Round "11"]
[White "Vedant Rupeshbhai Varasada"]
[Black "Aarav Sinha"]
[Result "0-1"]
[WhiteTitle "CM"]
[BlackTitle "FM"]
[WhiteElo "2044"]
[BlackElo "2224"]
[WhiteFideId "25156527"]
[BlackFideId "25674064"]
[EventDate "2025.07.01"]

1. d4 Nf6 2. c4 e6 3. Nc3 b6 4. Bf4 Bb7 5. e3 Be7 6. Nf3 O-O 7. Bd3 d5 8. cxd5
Nxd5 9. Bg3 Nxc3 10. bxc3 c5 11. Qc2 h6 12. O-O Nc6 13. Rad1 Qe8 14. Rfe1 Rc8
15. Qb1 Na5 16. e4 cxd4 17. cxd4 Nc4 18. d5 Qa4 19. Bxc4 Rxc4 20. d6 Bd8 21. e5
Bxf3 22. gxf3 h5 23. h3 h4 24. Bh2 Qc6 25. Re4 Rc2 26. Qb3 b5 27. a4 Bb6 28.
axb5 Qc3 29. Qxc3 Rxc3 30. Bf4 Rc5 31. Be3 Rxb5 32. Bxb6 Rxb6 33. Rxh4 Rd8 34.
Ra4 Rb7 35. Rda1 Rdd7 36. f4 f6 37. Kg2 Kf7 38. Kf3 Rb3+ 39. Ke2 Rbb7 40. R1a2
Kg6 41. Kd3 Kf5 42. R2a3 fxe5 43. fxe5 Kxe5 44. Ra5+ Kxd6 45. Ke3 Ke7 46. Ra6
Kf6 47. Rc6 Rbc7 48. Rca6 g5 49. f4 gxf4+ 50. Kxf4 Rd4+ 51. Ke3 Rh4 52. Kd2 Kf5
53. R3a5+ e5 54. Rd6 Rxh3 55. Rdd5 Rh2+ 56. Ke3 Rc3+ 57. Rd3 Rh3+ 58. Kd2 Rhxd3+ 0-1

[Event "Titled Tue 1st Jul Early"]
[Site "chess.com INT"]
[Date "2025.07.01"]
[Round "11"]
[White "Berg, Vadim Daskevich"]
[Black "Omariev, Maksim"]
[Result "1/2-1/2"]
[WhiteTitle "IM"]
[BlackTitle "FM"]
[WhiteElo "2445"]
[BlackElo "2304"]
[WhiteFideId "11601965"]
[BlackFideId "4193423"]
[EventDate "2025.07.01"]

1. e4 c5 2. Nf3 d6 3. Bb5+ Nd7 4. c3 a6 5. Bd3 b5 6. Bc2 Bb7 7. d4 e5 8. O-O
Ngf6 9. Nbd2 Be7 10. d5 c4 11. b3 cxb3 12. axb3 Rc8 13. Bb2 Nc5 14. Re1 O-O 15.
Nf1 Nh5 16. Ng3 Nxg3 17. hxg3 Bg5 18. Nxg5 Qxg5 19. Qe2 Rc7 20. Bc1 Qg6 21. Bd2
Bxd5 22. b4 Bc4 23. Qe3 Na4 24. Bxa4 bxa4 25. Rxa4 Bb5 26. Raa1 Rfc8 27. Red1
Rc4 28. f3 Qxg3 29. Be1 Qg6 30. Qb6 R4c6 31. Qe3 Qe6 32. Rd5 Bc4 33. Rd2 d5 34.
exd5 Bxd5 35. Rad1 Rd6 36. Rd3 Rd7 37. Bg3 f6 38. Qd2 Rcd8 39. c4 Bc6 40. Qc3
Rxd3 41. Rxd3 Rxd3 42. Qxd3 Qd7 43. Qxd7 Bxd7 44. f4 exf4 45. Bxf4 Be6 46. c5
Bd5 47. g3 h5 48. Kh2 Kf7 49. Kh3 g5 50. Bd2 Ke6 51. Bc1 Kf5 52. Bb2 Bc6 53. Kh2
Ke6 54. Kg1 f5 55. Bc1 Kf6 56. Kf2 h4 57. gxh4 gxh4 58. Bf4 h3 59. Kg3 Bg2 60.
c6 Bxc6 61. Kxh3 Ke6 62. Kg3 Kd5 63. Bd2 Ke4 64. Bh6 Be8 65. Bc1 Bh5 66. Bh6 Be2
67. Bc1 Bb5 68. Bh6 Bd7 69. Bc1 Kd3 70. Bf4 Kc4 71. Bd6 Kb5 72. Kf4 Kc6 73. Be7
Kd5 74. Bd8 Ke6 75. Ba5 Kd6 76. Bb6 Kc6 77. Ba5 Kb5 78. Kf3 Bc6+ 79. Kf4 Be4 80.
Ke3 Bc6 81. Kf4 Bd7 82. Ke3 Bc8 83. Kf4 Ka4 84. Ke3 Kb3 85. Kf4 Kc4 86. Ke3 Kd5
87. Kf4 Kd4 88. Bb6+ Kc4 89. Ba5 Kd5 90. Ke3 Bd7 91. Kf4 Ke6 92. Ke3 Ke5 93.
Bc7+ Kf6 94. Kf4 Ke6 95. Ba5 Kd5 96. Bb6 Kc4 97. Ba5 Kd3 98. Kf3 Bc6+ 99. Kf4
Be4 100. Bb6 Kc4 101. Ba5 Kb5 102. Ke3 Ka4 103. Kf4 Bb1 104. Ke3 Kb5 105. Kf4
Kc4 106. Ke3 Be4 107. Kf4 Kd4 108. Bb6+ Kd5 109. Ba5 Kc6 110. Ke3 Kd7 111. Kf4 1/2-1/2

[Event "Titled Tue 1st Jul Early"]
[Site "chess.com INT"]
[Date "2025.07.01"]
[Round "11"]
[White "Levitan, Caleb Levi"]
[Black "Tan, Zhongyi"]
[Result "0-1"]
[WhiteTitle "FM"]
[BlackTitle "GM"]
[WhiteElo "2399"]
[BlackElo "2527"]
[WhiteFideId "14332620"]
[BlackFideId "8603642"]
[EventDate "2025.07.01"]

1. e4 e5 2. Nf3 Nc6 3. Bb5 a6 4. Ba4 Nf6 5. d3 b5 6. Bb3 d6 7. Nc3 Na5 8. Bg5
Nxb3 9. axb3 Bb7 10. O-O Be7 11. Ne2 h6 12. Bxf6 Bxf6 13. Ng3 g6 14. Re1 Kf8 15.
Qd2 Kg7 16. h3 c5 17. c4 Qb6 18. Qa5 Qxa5 19. Rxa5 Bd8 20. Ra2 b4 21. Nf1 f5 22.
exf5 gxf5 23. Ne3 Rf8 24. Nd2 Bg5 25. Re2 h5 26. Nd5 Kf7 27. Ra1 Bd8 28. f4 exf4
29. Rf1 Bg5 30. Nf3 Bxd5 31. Nxg5+ Kg6 32. Ne6 Bxe6 33. Rxe6+ Rf6 34. Rxf6+ Kxf6
35. Rxf4 a5 36. Kf2 Ke5 37. Rh4 a4 38. bxa4 Rxa4 39. Rxh5 Ra2 40. g4 Kd4 41.
Rxf5 Rxb2+ 42. Kf3 Kxd3 43. g5 Rb1 44. Kg2 b3 45. g6 b2 46. Rf3+ Kd4 47. Rf4+
Ke5 48. Rf2 Rg1+ 49. Kxg1 b1=Q+ 50. Kh2 Qxg6 51. Re2+ Kd4 52. Rg2 Qf5 53. Rg4+
Kd3 54. Kg3 d5 55. cxd5 Qxd5 56. h4 c4 57. Rg5 Qd6+ 58. Kf3 c3 59. Rg1 Qf6+ 60.
Kg3 c2 61. h5 Qg7+ 62. Kf2 Qxg1+ 63. Kxg1 c1=Q+ 64. Kg2 Qg5+ 65. Kf3 Qxh5+ 66.
Kf2 Qf5+ 67. Kg2 Ke2 68. Kg1 Qg4+ 69. Kh1 Kf2 0-1

[Event "Titled Tue 1st Jul Early"]
[Site "chess.com INT"]
[Date "2025.07.01"]
[Round "11"]
[White "Borges, Wagner da Silva"]
[Black "Emeliantsev, Anatoliy"]
[Result "0-1"]
[WhiteTitle "CM"]
[BlackTitle "FM"]
[WhiteElo "2055"]
[BlackElo "2359"]
[WhiteFideId "2100401"]
[BlackFideId "4160681"]
[EventDate "2025.07.01"]

1. Nf3 Nf6 2. g3 g6 3. Bg2 Bg7 4. d4 O-O 5. O-O d6 6. c4 c5 7. dxc5 dxc5 8. Qxd8
Rxd8 9. Nc3 Nc6 10. Be3 b6 11. Rfd1 Be6 12. Nb5 Bxc4 13. Ne5 Nxe5 14. Bxa8 Rxd1+
15. Rxd1 Bxb5 16. Rd8+ Ne8 17. b3 Kf8 18. a4 Bc6 19. Bf4 Bxa8 20. Rxa8 Nc6 21.
Rc8 Nd4 22. Kf1 e5 23. Bg5 f6 24. Be3 Nxb3 25. Ra8 c4 26. Rc8 Na5 27. Bd2 Ke7
28. Bxa5 bxa5 29. Rxc4 Kd6 30. Rc8 Nc7 31. e4 Bh6 32. Ke2 Bc1 33. Kd1 Bb2 34.
Rh8 h5 35. Rh6 g5 36. Rxf6+ Ke7 37. Rf5 Bd4 38. Rxg5 Bxf2 39. Rxh5 Bd4 40. Rh7+
Kd6 41. g4 Ne6 42. h4 Nc5 43. g5 Ke6 44. Rxa7 Bc3 45. Rc7 Bb4 46. h5 Nxe4 47.
Rc6+ Kf5 48. h6 Nxg5 49. Rc7 Kg6 50. Rc6+ Kh7 51. Ke2 Ne4 52. Ke3 Nc3 53. Ra6
Nxa4 54. Ke4 Nc5+ 55. Kxe5 Nxa6 56. Kd5 a4 57. Kc4 a3 58. Kb3 Kxh6 59. Ka2 Kg6
60. Kb3 Kf6 61. Ka2 Ke5 62. Kb3 Kd5 63. Ka2 Kc5 64. Kb3 Kb5 65. Ka2 Ka5 66. Kb3
Kb5 67. Ka2 Kc4 68. Kb1 Nc5 69. Ka2 Na4 70. Kb1 Kb3 71. Ka1 Bc3+ 72. Kb1 a2+ 73.
Kc1 a1=Q# 0-1

[Event "Titled Tue 1st Jul Early"]
[Site "chess.com INT"]
[Date "2025.07.01"]
[Round "11"]
[White "Galchenko, Matvey"]
[Black "Hari, Madhavan N B"]
[Result "1-0"]
[WhiteTitle "IM"]
[BlackTitle "IM"]
[WhiteElo "2435"]
[BlackElo "2365"]
[WhiteFideId "24175480"]
[BlackFideId "25054309"]
[EventDate "2025.07.01"]

1. e4 e6 2. d4 d5 3. e5 c5 4. c3 Qb6 5. Nf3 Bd7 6. Be2 cxd4 7. cxd4 Bb5 8. Nc3
Bxe2 9. Nxe2 Nc6 10. O-O Nge7 11. Ng3 Rc8 12. Be3 Ng6 13. Nh5 Nge7 14. g4 Na5
15. b3 Nec6 16. Rc1 h6 17. Qe2 Kd7 18. Rcd1 Be7 19. h3 g6 20. Nf6+ Bxf6 21. exf6
h5 22. g5 Rhd8 23. Bf4 Rh8 24. Rc1 a6 25. Qd2 Rhd8 26. Rc3 Ke8 27. Rfc1 Na7 28.
Bc7 Rxc7 29. Rxc7 N5c6 30. Re7+ Nxe7 31. fxe7 Kxe7 32. Qf4 Nc6 33. Qf6+ Ke8 34.
a3 a5 35. Rc3 Qc7 36. Ne5 Qe7 37. Qh8+ Qf8 38. Qf6 Nxe5 39. Qxe5 Qxa3 40. Rc7
Qd6 41. Qh8+ Qf8 42. Qf6 Rb8 43. Qe5 Qb4 44. Qh8+ Qf8 45. Qe5 Qa3 46. Kg2 Qf8
47. Rc3 Rd8 48. Rc7 Rd7 49. Rc8+ Rd8 50. Rxd8+ Kxd8 51. Qb8+ Ke7 52. Qxb7+ Ke8
53. Qc8+ Ke7 54. Qc5+ Ke8 55. Qb5+ Ke7 56. Qb7+ Ke8 57. Qa8+ Ke7 58. Qa7+ Ke8
59. Qa8+ Ke7 60. Qxa5 Qd8 61. Qxd8+ Kxd8 62. Kf3 Ke7 63. Kf4 f6 64. gxf6+ Kxf6
65. h4 g5+ 66. hxg5+ Kg6 67. b4 h4 68. b5 e5+ 69. dxe5 d4 70. b6 h3 71. Kg3 d3
72. b7 d2 73. b8=Q d1=Q 74. Qd6+ Qxd6 75. exd6 h2 76. Kxh2 Kxg5 77. d7 Kf5 78.
d8=Q Kf4 79. Qd3 Ke5 80. Qe3+ Kf6 81. Qe4 Kf7 82. Qc6 Kg8 1-0

[Event "Titled Tue 1st Jul Early"]
[Site "chess.com INT"]
[Date "2025.07.01"]
[Round "11"]
[White "Przybylski, Bartosz"]
[Black "Yaksin, Oleg"]
[Result "0-1"]
[WhiteTitle "CM"]
[BlackTitle "FM"]
[WhiteElo "2062"]
[BlackElo "2393"]
[WhiteFideId "21878323"]
[BlackFideId "24105880"]
[EventDate "2025.07.01"]

1. e4 c5 2. Nf3 d6 3. d4 cxd4 4. Nxd4 Nf6 5. Nc3 Nc6 6. Bg5 e6 7. Qd2 a6 8.
O-O-O Bd7 9. f3 Nxd4 10. Qxd4 Be7 11. Kb1 b5 12. h4 h5 13. Qd2 b4 14. Ne2 a5 15.
Nd4 Rb8 16. Bd3 a4 17. Rhe1 Qa5 18. f4 Rc8 19. e5 dxe5 20. fxe5 Nd5 21. Bxe7
Nxe7 22. Qg5 Qc5 23. Ba6 Ra8 24. Bb7 Rb8 25. Be4 g6 26. Rf1 Rf8 27. g4 hxg4 28.
h5 gxh5 29. Qxh5 a3 30. Nb3 Qe3 31. Qxg4 axb2 32. Rfe1 Qc3 33. Qg1 Rc8 34. Re3
Qc7 35. Qf2 Bc6 36. Bxc6+ Qxc6 37. Red3 Nd5 38. Kxb2 Nc3 39. R1d2 Ne4 40. Qd4
Nxd2 41. Nxd2 Qc7 42. Ne4 Ke7 43. Nf6 Rfd8 44. Qxb4+ Qc5 45. Qxc5+ Rxc5 46. Rxd8
Kxd8 47. Ng4 Rc4 48. Nh6 Ke7 49. Kb3 Rh4 50. Ng8+ Kd8 51. Nf6 Rf4 52. a4 Rf5 53.
Ng4 Rg5 54. Nh6 Ke7 55. a5 Rg6 56. a6 Rxh6 57. Kb4 Rh8 58. Kb5 Kd7 59. Kb6 Rb8+
60. Kc5 Kc7 61. c4 Ra8 62. Kb5 Rb8+ 63. Kc5 Rb1 64. Kd4 Ra1 65. a7 Rxa7 66. Ke4
Ra4 67. Kf4 Rxc4+ 68. Kg5 Re4 69. Kf6 Rf4+ 70. Kg5 Rf5+ 71. Kg4 Kc6 0-1

[Event "Titled Tue 1st Jul Early"]
[Site "chess.com INT"]
[Date "2025.07.01"]
[Round "11"]
[White "Huseynova, Lala"]
[Black "Asensio Ramos, Enrique Fernando"]
[Result "1-0"]
[WhiteTitle "WFM"]
[BlackTitle "CM"]
[WhiteElo "2045"]
[BlackElo "2200"]
[WhiteFideId "13431781"]
[BlackFideId "2214172"]
[EventDate "2025.07.01"]

1. e4 Nf6 2. e5 Nd5 3. d4 d6 4. c4 Nb6 5. exd6 exd6 6. Nc3 Be7 7. Be2 O-O 8. Nf3
Bf6 9. O-O Nc6 10. Be3 Bf5 11. Rc1 d5 12. cxd5 Nxd5 13. Nxd5 Qxd5 14. Rc5 Qd7
15. Bb5 Be4 16. d5 Rad8 17. Bc4 Be7 18. Rb5 a6 19. Rxb7 Na5 20. Bxa6 Nxb7 21.
Bxb7 Bxd5 22. Bxd5 Qxd5 23. Qb1 Ra8 24. a3 Rfb8 25. Rd1 Qb5 26. Bd4 Bxa3 27. Qe4
Bxb2 28. Rb1 Qb3 29. h3 Qa2 30. Rxb2 Rxb2 31. Bxb2 Rb8 32. Be5 Qb1+ 33. Qxb1
Rxb1+ 34. Kh2 c6 35. Kg3 f6 36. Bd6 Rd1 37. Bc5 Kf7 38. Kf4 Rc1 39. Be3 Rc4+ 40.
Kg3 f5 41. Nd2 Rc2 42. Kf3 h6 43. g3 Kf6 44. Ke2 g5 45. Kd3 Ra2 46. f4 Ra3+ 47.
Ke2 Ra2 48. h4 g4 49. Bd4+ Kg6 50. Be3 Ra3 51. Nc4 Ra2+ 52. Kd3 Rg2 53. Ne5+ Kh5
54. Nxc6 Rxg3 55. Ne7 Rg2 56. Nxf5 Kg6 57. Nd6 g3 58. f5+ Kg7 59. Bd4+ Kf8 60.
f6 Rg1 61. Bxg1 h5 62. Ne4 g2 63. Bf2 Kf7 64. Bg1 Kg6 65. Ke3 Kf7 66. Kf4 Kg6
67. Ke5 Kf7 68. Kf5 Kf8 69. Ke6 Kg8 70. Ke7 Kh8 71. f7 Kh7 72. f8=Q Kg6 73. Qf6+
Kh7 74. Ng5+ Kg8 75. Qf7+ Kh8 76. Qh7# 1-0

[Event "Titled Tue 1st Jul Early"]
[Site "chess.com INT"]
[Date "2025.07.01"]
[Round "11"]
[White "Vidruska, Renate"]
[Black "Li, Hui"]
[Result "1-0"]
[WhiteTitle "WFM"]
[BlackTitle "CM"]
[WhiteElo "2026"]
[BlackElo "2065"]
[WhiteFideId "11601841"]
[BlackFideId "15400310"]
[EventDate "2025.07.01"]

1. e4 e5 2. Nf3 Nf6 3. Nc3 Nc6 4. d4 Bb4 5. dxe5 Nxe4 6. Qd3 d5 7. exd6 Bf5 8.
Qe2 O-O 9. Bd2 Nxd2 10. Qxd2 Re8+ 11. Be2 Qxd6 12. O-O-O Qxd2+ 13. Rxd2 Bxc3 14.
bxc3 Rad8 15. Nd4 Be4 16. f3 Bd5 17. Nxc6 Bxc6 18. Rxd8 Rxd8 19. Bd3 Kf8 20. Kb2
Rd6 21. c4 h6 22. Kc3 Re6 23. Rb1 Re7 24. Kd4 f6 25. Rg1 Kf7 26. Rb1 Re5 27. Rf1
Ra5 28. Ra1 Ra3 29. c5 g5 30. Bc4+ Kg6 31. Re1 Ra4 32. Kc3 Ra3+ 33. Kd4 Ra4 34.
Kc3 Ra5 35. Kd4 b6 36. cxb6 cxb6 37. Re7 f5 38. Re6+ Kh5 39. Rxc6 Ra4 40. Kc3 g4
41. fxg4+ Kxg4 42. Rg6+ Kf4 43. Rxh6 Ra3+ 44. Bb3 Ra5 45. Rg6 Rc5+ 46. Kd2 a5
47. a4 b5 48. h4 bxa4 49. Bxa4 Rc4 50. Be8 Rc8 51. Bf7 Rd8+ 52. Kc3 a4 53. h5
Rh8 54. Ra6 Ke5 55. Bg6 f4 56. Ra5+ Kf6 57. Rxa4 Kg7 58. Ra7+ Kh6 59. Ra6 Rc8+
60. Kd3 Rd8+ 61. Ke2 Rc8 62. Kf3 Rc4 63. Bd3+ Kg5 64. Bxc4 Kh4 65. Bd3 Kxh5 66.
Ra1 Kg5 67. Rh1 1-0

[Event "Titled Tue 1st Jul Early"]
[Site "chess.com INT"]
[Date "2025.07.01"]
[Round "11"]
[White "Nguyen Hong Nhung"]
[Black "Rosen, Eric"]
[Result "1/2-1/2"]
[WhiteTitle "WFM"]
[BlackTitle "IM"]
[WhiteElo "2227"]
[BlackElo "2377"]
[WhiteFideId "12412201"]
[BlackFideId "2032562"]
[EventDate "2025.07.01"]

1. e4 e5 2. Nf3 Nf6 3. Nxe5 Nc6 4. Nxc6 dxc6 5. d3 Bc5 6. c3 Nxe4 7. Qe2 Bxf2+
8. Kd1 f5 9. Kc2 O-O 10. dxe4 fxe4 11. Be3 Qd3+ 12. Qxd3 exd3+ 13. Kd2 Bxe3+ 14.
Kxe3 Bf5 15. c4 Rae8+ 16. Kd2 Bg6 17. g4 Rf2+ 18. Kc3 Re1 19. Bg2 Ree2 20. Bh3
Rc2+ 21. Kb3 Rxb2+ 22. Ka3 b5 23. cxb5 cxb5 24. Rf1 Rxh2 25. Nc3 Be8 26. Nd5 h6
27. g5 c5 28. Be6+ Kh7 29. g6+ Bxg6 30. Bf5 Bxf5 31. Rxf5 Rbg2 32. Rf3 c4 33.
Nc3 a6 34. Rd1 Rc2 35. Kb4 Rb2+ 36. Kc5 Rbc2 37. Kd4 Rh4+ 38. Ne4 Re2 39. Re3
Rxe3 40. Kxe3 Rh3+ 41. Kd4 Rh2 42. a4 Ra2 43. axb5 axb5 44. Nc3 Rb2 45. Kc5 b4
46. Na4 Rc2 47. Kxb4 h5 48. Nc3 h4 49. Kxc4 d2 50. Kd3 Rb2 51. Rxd2 Rb8 52. Rh2
g5 53. Ke4 Rf8 54. Nd5 Kg6 55. Ne3 Kh5 56. Rb2 h3 57. Rb7 Kh4 58. Nf5+ Kg4 59.
Ne3+ Kg3 60. Rg7 Re8+ 61. Kd3 Kf4 62. Rf7+ Kg3 63. Rg7 h2 64. Nf1+ Kh3 65. Nxh2
Rd8+ 66. Ke4 Kxh2 67. Rxg5 Re8+ 68. Re5 Rh8 69. Rg5 Rh4+ 70. Kf5 Rb4 71. Rg7
Rb5+ 72. Kf6 Rb6+ 73. Kf7 Rb7+ 74. Kg8 Rxg7+ 75. Kxg7 1/2-1/2

[Event "Titled Tue 1st Jul Early"]
[Site "chess.com INT"]
[Date "2025.07.01"]
[Round "11"]
[White "Jake Shanty"]
[Black "Sarana, Alexey"]
[Result "1/2-1/2"]
[WhiteTitle "FM"]
[BlackTitle "GM"]
[WhiteElo "2252"]
[BlackElo "2686"]
[WhiteFideId "33478066"]
[BlackFideId "24133795"]
[EventDate "2025.07.01"]

1. Nf3 d5 2. e3 c5 3. b3 Nf6 4. Bb2 g6 5. Be2 Bg7 6. O-O O-O 7. d4 Ne4 8. Nbd2
Nc6 9. c4 Nxd2 10. Qxd2 dxc4 11. Bxc4 Bg4 12. Be2 cxd4 13. Nxd4 Nxd4 14. Bxd4
Bxd4 15. Rad1 Bxe2 16. Qxe2 Qa5 17. Rxd4 Rfd8 18. Rfd1 Rxd4 19. Rxd4 Rd8 20.
Rxd8+ Qxd8 21. g3 Qd5 22. h4 b5 23. Qc2 Qd6 24. Kf1 a6 25. Ke2 Kg7 26. Qc3+ f6
27. a4 bxa4 28. bxa4 Qd5 29. Qb4 Kf7 30. a5 h5 31. Qb6 Qc4+ 32. Ke1 Ke8 33. Qb8+
Kd7 34. Qb6 Qc6 35. Qd4+ Ke6 36. Qb4 Qd5 37. Qb6+ Qd6 38. Qb3+ Ke5 39. Qc4 f5
40. Ke2 Kf6 41. Kf3 e5 42. Kg2 Ke7 43. Kf3 Kd7 44. e4 Ke7 45. Ke2 Kf6 46. Ke3
Qa3+ 47. Ke2 Qxa5 48. Qc6+ Kg7 49. Qd7+ Kh6 50. exf5 Qb5+ 51. Qxb5 axb5 52. fxg6
Kxg6 53. Kd3 Kf5 54. f3 Ke6 55. Kc3 Kd5 56. g4 hxg4 57. fxg4 e4 58. h5 b4+ 59.
Kxb4 e3 60. Kc3 Ke4 61. Kc2 Kf3 62. h6 e2 63. h7 e1=Q 64. h8=Q Qe4+ 65. Kb3 Qb7+
66. Kc2 Qe4+ 67. Kb3 Qxg4 68. Qc3+ Kg2 69. Qc4 Qf3+ 70. Qc3 Qxc3+ 71. Kxc3 1/2-1/2

[Event "Titled Tue 1st Jul Early"]
[Site "chess.com INT"]
[Date "2025.07.01"]
[Round "11"]
[White "Petersen, Marcel"]
[Black "Szalay-Ocsak, Bank"]
[Result "0-1"]
[WhiteTitle "CM"]
[BlackTitle "FM"]
[WhiteElo "2236"]
[BlackElo "2209"]
[WhiteFideId "12935670"]
[BlackFideId "784923"]
[EventDate "2025.07.01"]

1. e4 c6 2. d4 a6 3. c4 d5 4. cxd5 cxd5 5. e5 Nc6 6. Nf3 Bg4 7. Be2 e6 8. Nc3
Qb6 9. Be3 Nge7 10. Qd2 Nf5 11. Rd1 Rc8 12. O-O Be7 13. h3 Bxf3 14. Bxf3 Na5 15.
b3 Bb4 16. Rc1 Ba3 17. Rc2 Nc6 18. Na4 Qa7 19. Rd1 O-O 20. g4 Nxe3 21. fxe3 b5
22. Nc3 Nb4 23. Rdc1 Nxc2 24. Rxc2 Qc7 25. Bd1 Bb4 26. Nxd5 Bxd2 27. Nxc7 Bxe3+
28. Kg2 Bxd4 29. Nxa6 Rxc2+ 30. Bxc2 Ra8 31. Nb4 Bc3 32. Be4 Ra3 33. Nc6 Rxa2+
34. Kf3 b4 35. Ne7+ Kf8 36. Nc8 Bxe5 37. Nb6 Bc3 38. Ke3 Rh2 39. Kd3 Rxh3+ 40.
Kc4 Rg3 41. Bc6 Rxg4+ 42. Kb5 h5 43. Bf3 Rg5+ 44. Kc4 h4 45. Nd7+ Ke7 46. Nc5
Rxc5+ 47. Kxc5 f5 48. Bh1 g5 49. Kc4 g4 50. Kd3 Kf6 51. Ke3 Kg5 52. Kf2 h3 53.
Bc6 f4 54. Kg1 g3 55. Kh1 g2+ 56. Kh2 Bd4 57. Bxg2 hxg2 58. Kh3 Kf5 59. Kxg2 Ke4
60. Kf1 Kf3 61. Ke1 Kg2 62. Ke2 Bh8 63. Kd3 f3 64. Kc4 f2 65. Kxb4 f1=Q 66. Ka4
Qf8 67. b4 Qb8 68. b5 Kf3 69. Ka5 Ke4 70. b6 Kd5 71. Kb5 Bd4 72. b7 Qxb7+ 73.
Ka4 Qa6+ 74. Kb3 Qc4+ 75. Ka3 Qc3+ 76. Ka4 Qa1+ 77. Kb3 Qb2+ 78. Ka4 Kc5 79. Ka5
Qb5# 0-1

[Event "Titled Tue 1st Jul Early"]
[Site "chess.com INT"]
[Date "2025.07.01"]
[Round "11"]
[White "Fandi, Mazen"]
[Black "Jaskolka, Tomasz"]
[Result "1-0"]
[WhiteTitle "FM"]
[BlackTitle "CM"]
[WhiteElo "2302"]
[BlackElo "2194"]
[WhiteFideId "7611625"]
[BlackFideId "1170791"]
[EventDate "2025.07.01"]

1. e4 d6 2. d4 Nf6 3. Nc3 Nbd7 4. f4 e5 5. Nf3 exd4 6. Nxd4 g6 7. Bc4 Bg7 8. O-O
O-O 9. Be3 Nc5 10. Qf3 Ng4 11. Rad1 Nxe3 12. Qxe3 Re8 13. f5 Qh4 14. fxg6 hxg6
15. Bxf7+ Kh7 16. Bxe8 Bg4 17. Nf3 Bxf3 18. Rxf3 Bh6 19. Bxg6+ Kxg6 20. Qd4 Ne6
21. Qd5 Ng5 22. Qf5+ Kg7 23. Qf6+ Kh7 24. Rf5 Rg8 25. Rd3 Rg6 26. Qe7+ Rg7 27.
Qf6 Rg6 28. Qd4 Nh3+ 29. Kf1 Nf4 30. h3 Bg7 31. Qf2 Qxf2+ 32. Kxf2 Nxd3+ 33.
cxd3 Bd4+ 34. Kf3 Be5 35. g4 Kg8 36. Nd1 Rh6 37. Kg2 c5 38. b3 b5 39. Ne3 Rg6
40. g5 Re6 41. h4 Bd4 42. Kf3 a5 43. h5 a4 44. h6 axb3 45. axb3 Kh7 46. Nd5 Be5
47. Kg4 Kg6 48. Nf4+ Bxf4 49. Rxf4 d5 50. exd5 Re3 51. Rf6+ Kh7 52. Rf7+ Kg8 53.
Rc7 Rxd3 54. g6 Rd4+ 55. Kf3 Kf8 56. h7 Rh4 57. Rc8+ Kg7 58. Rg8+ Kf6 59. h8=Q+
Kg5 60. Qxh4+ Kxh4 61. d6 Kg5 62. d7 c4 63. d8=Q+ Kf5 64. bxc4 bxc4 65. Qc8+ Kf6
66. Qxc4 Kg5 67. Rf8 Kh6 68. Rf5 Kg7 69. Qg4 Kh6 70. g7 Kh7 71. g8=Q+ Kh6 72.
Rf6# 1-0

[Event "Titled Tue 1st Jul Early"]
[Site "chess.com INT"]
[Date "2025.07.01"]
[Round "11"]
[White "Bologan, Victor"]
[Black "Faryma, Matviy"]
[Result "0-1"]
[WhiteTitle "GM"]
[WhiteElo "2601"]
[BlackElo "2230"]
[WhiteFideId "13900048"]
[BlackFideId "1961578"]
[EventDate "2025.07.01"]

1. e4 c6 2. Nf3 d5 3. d3 g6 4. Qe2 Bg7 5. g3 Nd7 6. e5 Nh6 7. Bg2 O-O 8. O-O f6
9. exf6 exf6 10. c4 Nb6 11. c5 Nd7 12. d4 Re8 13. Qc2 Nf8 14. Nc3 Bg4 15. Bxh6
Bxh6 16. b4 Ne6 17. Ne2 Bg7 18. h3 Bxf3 19. Bxf3 f5 20. Qd3 Qf6 21. Rad1 Re7 22.
Rd2 Rae8 23. Rfd1 Bh6 24. Rc2 Ng5 25. Bg2 Ne4 26. b5 Nxf2 27. Kxf2 Re3 28. bxc6
Rxd3 29. Bxd5+ Kg7 30. Rxd3 bxc6 31. Bf3 Qe6 32. d5 Be3+ 33. Kg2 cxd5 34. Rxd5
Re7 35. c6 Bb6 36. Rd3 Qf6 37. Nf4 Qa1 38. Rd1 Qe5 39. Re2 Be3 40. Nd5 f4 41.
Nxe7 Qg5 42. g4 Qh4 43. Kf1 Qg3 44. Bg2 Qh2 45. Rxe3 fxe3 46. Nd5 Qg3 47. Nxe3
Qxe3 48. Re1 Qf4+ 49. Kg1 Qd4+ 50. Kh1 Qd6 51. Rc1 Qc7 52. Rd1 Qg3 53. Rd7+ Kh6
54. Re7 Qd6 55. Re1 Qc7 56. Rc1 Kg5 57. Rc4 Kh4 58. Rc3 a5 59. a4 Qe5 60. Rc1
Qc7 61. Rf1 h5 62. gxh5 Kxh5 63. Re1 g5 64. Rf1 Kh4 65. Re1 g4 66. Re4 Kg3 67.
Rxg4+ Kf2 68. Rg6 Qe5 0-1